LEADER 01192nam a2200277 u 4500 001 000000116672 003 CaOOAMICUS 005 20090717112520.0 008 090717s2001 it u000 u ita r 020 $a88-86415-24-9 040 $aPUL$bita$dLDB 100 1 $aCipressa, Salvatore,$csac.,$d1961-$0(OLS)http://pul/name/48657 245 13$aIl fenomeno transessuale fra medicina e morale /$cSalvatore Cipressa. 260 $aAcireale :$bIstituto Siciliano di Bioetica,$cc2001. 300 $a365 p. ;$c21 cm 490 1 $aConchiglie ;$v6 500 $aIn testa al front.: Istituto Siciliano di Bioetica. 504 $aBibliografia: p. 337-362. 650 4$aSesso (psicologia).$0(OLS)http://pul/subject/25744 830 0$aConchiglie ;$v6.$0(OLS)http://pul/title/62641 850 $aPUL 852 $aPUL$W1$xSL Filosofia 3$y81$m176 CIPSA 1$j133777$qDDC 21$B132809$CPULBib$Z2$F132809 $H111078 $82 941 1 $a9 996 $6020$a88-86415-24-9$9(OLS)http://pul/number/141466 996 $6245$aIl fenomeno transessuale fra medicina e morale$9(OLS)http://pul/title/96520 996 $6260$aAcireale :$bIstituto Siciliano di Bioetica$9(OLS)http://pul/publisher/66757 LEADER 01054nam a2200265 a 4500 001 000000133824 003 CaOOAMICUS 005 20130508135740.0 008 130508s1955 it u000 u ita r 040 $aPUL$bita 100 1 $aLevi, Mario Attilio,$d1902-$0(OLS)http://pul/name/3272 245 13$aLa lotta politica nel mondo antico /$cMario Attilio Levi. 260 $aMilano :$bArnoldo Mondadori,$c1955. 300 $a249 p. ;$c19 cm 490 1 $aBiblioteca contemporanea Mondadori ;$v28 504 $aBibliografia in nota. 650 4$aPolitica$xStoria.$0(OLS)http://pul/subject/17067 830 0$aBiblioteca contemporanea Mondadori ;$v28.$0(OLS)http://pul/title/169176 850 $aPUL 852 $aPUL$W1$xDP1 Fondo E. Rossi$y115$m1 L 39$j153820$qFondi$B153394$CPULBib$Z2$F153394 $82 941 1 $a1 961 $aSul dorso collocazione ms. di E. Rossi: L 22 996 $6245$aLa lotta politica nel mondo antico$9(OLS)http://pul/title/169175 996 $6260$aMilano :$bArnoldo Mondadori$9(OLS)http://pul/publisher/60431